El papel de la ética en la investigación científica y la educación superior
Uloženo v:
| Hlavní autoři: | , |
|---|---|
| Médium: | Kniha |
| Jazyk: | španělština angličtina |
| Vydáno: |
Ciudad de México
Fondo de Cultura Económica
2004
|
| Vydání: | 2a. ed |
| Edice: | Colección Ciencia, Tecnología, Sociedad
|
| Témata: | |
| Tagy: |
Přidat tag
Žádné tagy, Buďte první, kdo vytvoří štítek k tomuto záznamu!
|
MARC
| LEADER | 00000nam a2200000 a 4500 | ||
|---|---|---|---|
| 001 | UCK7536 | ||
| 003 | CL-VaPUC | ||
| 008 | 051125e20040000MX |||||||||||||||||spa|d | ||
| 020 | |a 9681672712 | ||
| 041 | 0 | 7 | |a spa |2 CL-VaPUC |
| 041 | 0 | 7 | |a eng |2 CL-VaPUC |
| 082 | 0 | 4 | |a 150.724 |b ALU |2 21 |
| 100 | 0 | |a Aluja, Martín |e author |9 497070 | |
| 700 | 0 | |a Birke, Andrea |e author |9 497071 | |
| 245 | 1 | 3 | |a El papel de la ética en la investigación científica y la educación superior |
| 250 | |a 2a. ed | ||
| 300 | |a 366 p | ||
| 942 | |c BK | ||
| 945 | |d 20051125 00:00:00 |a jtorresc | ||
| 260 | |a Ciudad de México |b Fondo de Cultura Económica |c 2004 | ||
| 650 | 0 | |a Ética |9 255099 | |
| 650 | 0 | |a Investigación científica |9 259857 | |
| 650 | 0 | |a Educación superior |9 223851 | |
| 650 | 7 | |a PSICOLOGIA EXPERIMENTAL |2 CL-VaPUC |9 309015 | |
| 650 | 0 | |a Aspectos morales |9 256217 | |
| 583 | |a last modification |c 20180327 03:42:27 |k Rodrigo Vera | ||
| 490 | 0 | |a Colección Ciencia, Tecnología, Sociedad | |
| 999 | |c 315441 |d 315439 | ||
| 952 | |0 0 |1 0 |4 0 |6 150_724000000000000_ALU_2004 |7 0 |8 A |9 388708 |a BIBEDU |b BIBEDU |d 2019-11-22 |i 4187318 |o 150.724 ALU 2004 |p 4187318 |r 2019-11-22 |w 2019-11-22 |y BK |k PSI | ||
| 952 | |0 0 |1 0 |4 0 |6 150_724000000000000_ALU_2004 |7 0 |8 A |9 388709 |a BIBEDU |b BIBEDU |d 2019-11-22 |i 4469623 |o 150.724 ALU 2004 |p 4469623 |r 2019-11-22 |w 2019-11-22 |y BK |k PSI | ||